00925cam a22002771 4500001001300000003000400013005001700017008004100034010001700075025001900092040001800111050002200129082001100151111005800162245001700220260006400237300002700301350000900328490006300337500006200400504002900462650002300491710004500514830007100559999001700630sa 68012322 DLC20260227112609.0691113s1967 ii a b 100 0 eng  asa 68012322  aPL480:I-E-9422 aDLCcDLCdDLC00aQK601b.S965 196600a589/.22 aSymposium on Physiology of Fungi,cChandigarh,d1966.00aProceedings. aNew Delhi,bNational Institute of Sciences of India,c1967. a127 p.billus.c24 cm. a5.851 aNational Institute of Sciences of India. Bulletin,vno. 35 aOrganized by the National Institute of Sciences of India. aIncludes bibliographies. 0aFungixPhysiology.2 aNational Institute of Sciences of India. 0aBulletin of the National Institute of Sciences of India ;vno. 35. c84453d84453